Fundición Tipográfica Nacional, C.A. : [40 aniversario] [40 aniversario]
Descripción Física:
[121] p. : il. ; 28 cm
MARC
| LEADER | 00000nam a2200000Ia 4500 | ||
|---|---|---|---|
| 001 | 13894 | ||
| 008 | 160829s9999 xx 000 0 cat d | ||
| 080 | |a C-2-227 | ||
| 110 | 2 | |a Fundición Tipográfica Nacional (Espanya) |9 55128 | |
| 245 | |a Fundición Tipográfica Nacional, C.A. : |b [40 aniversario] | ||
| 260 | |a [Madrid] : |b la Fundición, [1955] | ||
| 300 | |a [121] p. : |b il. ; |c 28 cm | ||
| 590 | |a Edició en motiu del 40è aniversari de la fundació de l'empresa: 1915-1955 | ||
| 610 | 2 | 0 | |a Fundición Tipográfica Nacional (Espanya) |9 55128 |
| 650 | |a Tipus d'impremta |x Catàlegs |9 24273 | ||
| 650 | |a Composició tipogràfica |9 38867 | ||
| 901 | |a Arxiu | ||
| 942 | |n 1 | ||
| 952 | |0 0 |1 0 |4 0 |6 C2227 |7 1 |9 43211 |a Arxiu |b Arxiu |d 2016-12-01 |l 0 |o C-2-227 |p 13894 |r 2016-12-01 00:00:00 |w 2016-12-01 |y ARXIU | ||
| 999 | |c 45755 |d 45755 | ||